000 00489nam a22002177a 4500
003 UA-OsUOA
001 39009
007 ta
008 20060602b un ||||| |||| 00| 0 ukr d
100 _aСолодкий Сергій
090 _a32
_bС11
942 _cSA
040 _aUA-OsUOA
_bukr
_cUA-OsUOA
_dUA-OsUOA
245 _aМанія претензій
300 _a1 с.
955 _a0
041 _aukr
080 _a32
773 0 _w39008
650 7 _a32 Політика
_2UDC
999 _c325098
_d325098